000 00686cac a2200217 a 4500
003 CO-PeBPM
005 20251028163312.0
008 231129e1975||||xx |||||||||||||| ||spa||
040 0 _aCO-PeBPM
_bspa
_cCO-PeBPM
_erda
041 0 _aspa
082 0 4 _a301.451861 F899in
100 1 _aFriede, Juan
_eautor
245 1 0 _aIndigenismo y aniquilamiento de indígenas en Colombia
_c/ Juan Friede
250 _aSegunda Edición
260 _aBogotá, Colombia
_bUniversidad Nacional
_c1975
300 _a59 Páginas
_c; 22 centímetros
490 _aJorge Ortega Torres-Colección
650 1 4 _aIndígenas de Colombia
_2LEMB
650 1 4 _aTrato a los indígenas
_2LEMB
942 _2ddc
_cBK
_n0
999 _c61390
_d61390